[Event "5. Bamberg Open A"]
[Site "Bamberg"]
[Date "2023.07.28"]
[Round "4"]
[Board "10"]
[White "Boehme, Sebastian"]
[Black "Woithe, Daniel"]
[Result "1-0"]
[WhiteElo "2215"]
[BlackElo "2106"]
[PlyCount "77"]
[EventDate "2023.07.26"]
[EventRounds "7"]
[EventCountry "GER"]

1. e4 e6 2. d4 d5 3. Nc3 Bb4 4. Nge2 dxe4 5. a3 Bxc3+ 6. Nxc3 Nc6 7. Bf4 Nf6 8. Bb5
Bd7 9. d5 exd5 10. Nxd5 Nxd5 11. Qxd5 O-O 12. O-O-O Bg4 13. Bxc6 bxc6 14. Qxd8 Raxd8
15. Rxd8 Rxd8 16. Bxc7 Rd7 17. Bb8 Be6 18. Re1 f5 19. Re3 Kf7 20. Rc3 Bd5 21. Rc5
Rb7 22. Bf4 Rb5 23. Rc3 Ke6 24. a4 Ra5 25. b3 c5 26. Bc7 Ra6 27. Rxc5 Rc6 28. Rxc6+
Bxc6 29. c4 e3 30. fxe3 Bxg2 31. Kb2 g5 32. b4 a6 33. Kc3 Kd7 34. Be5 a5 35. b5 Bf3
36. c5 Ke6 37. Kd4 Bd1 38. c6 Bxa4 39. Kc5  1-0

[Event "5. Bamberg Open A"]
[Site "Bamberg"]
[Date "2023.07.28"]
[Round "4"]
[Board "11"]
[White "Braun, Michael"]
[Black "Burdalev, Kirill"]
[Result "1/2-1/2"]
[WhiteElo "2071"]
[BlackElo "2363"]
[PlyCount "50"]
[EventDate "2023.07.26"]
[EventRounds "7"]
[EventCountry "GER"]

1. d4 d5 2. c4 c6 3. Nf3 Nf6 4. g3 Bf5 5. Nc3 e6 6. Qb3 Qc8 7. Nh4 dxc4 8. Qxc4 Nbd7
9. Nxf5 exf5 10. Bh3 g6 11. O-O Bg7 12. Qb4 a5 13. Qd6 Nh5 14. Bf4 Nxf4 15. Qxf4
O-O 16. Rac1 Qd8 17. Rfd1 Nb6 18. Bg2 Qe7 19. e3 Rfd8 20. Qf3 h5 21. h4 Rd7 22. Ne2
Nd5 23. Nc3 Nb6 24. Ne2 Nd5 25. Nc3 Nb6  1/2-1/2

[Event "5. Bamberg Open A"]
[Site "Bamberg"]
[Date "2023.07.28"]
[Round "4"]
[Board "12"]
[White "Carmesin, Leon Lucas Finn"]
[Black "Heidrich, Manfred"]
[Result "1/2-1/2"]
[WhiteElo "2042"]
[BlackElo "2332"]
[PlyCount "76"]
[EventDate "2023.07.26"]
[EventRounds "7"]
[EventCountry "GER"]

1. e4 c5 2. Nf3 Nf6 3. e5 Nd5 4. Nc3 e6 5. Ne4 Nc6 6. c4 Nc7 7. d3 d5 8. Bg5 Qd7
9. Nc3 Be7 10. Bf4 O-O 11. Be2 f6 12. Qc1 fxe5 13. Nxe5 Nxe5 14. Bxe5 Bd6 15. Bxd6
Qxd6 16. Bf3 Bd7 17. Qg5 Bc6 18. O-O-O b5 19. Rhe1 Rf5 20. Qg3 Rd8 21. cxb5 Nxb5
22. Nxb5 Bxb5 23. Qxd6 Rxd6 24. d4 Rf4 25. dxc5 Rc4+ 26. Kd2 Rxc5 27. Rc1 Rcc6 28.
Ke3 e5 29. Red1 Kf8 30. b3 Ke7 31. a4 Rxc1 32. Rxc1 Bc6 33. Rc5 d4+ 34. Kd3 Bxf3
35. gxf3 Kf6 36. Rc7 a6 37. b4 Rb6 38. Ke4 Rd6  1/2-1/2

[Event "5. Bamberg Open A"]
[Site "Bamberg"]
[Date "2023.07.28"]
[Round "4"]
[Board "13"]
[White "Bieberle, Jan"]
[Black "Tschernatsch, Johannes"]
[Result "0-1"]
[WhiteElo "1794"]
[BlackElo "2303"]
[PlyCount "88"]
[EventDate "2023.07.26"]
[EventRounds "7"]
[EventCountry "GER"]

1. e4 c5 2. Nf3 d6 3. Bb5+ Nd7 4. a4 Ngf6 5. Nc3 g6 6. O-O Bg7 7. a5 a6 8. Be2 O-O
9. d3 b5 10. axb6 Bb7 11. Bf4 Qxb6 12. Qc1 Rfb8 13. Nd2 a5 14. Nc4 Qc7 15. Bf3 Ra6
16. Re1 e5 17. Bd2 Nf8 18. Nd5 Nxd5 19. exd5 a4 20. Bc3 Nd7 21. Qd2 Nf6 22. Ba5 Qd7
23. Ne3 Rba8 24. Bc3 Bh6 25. h4 Qd8 26. h5 Nxd5 27. Bxd5 Bxd5 28. Qe2 Bc6 29. Ng4
Bg7 30. f4 f5 31. h6 fxg4 32. hxg7 Qh4 33. Qe3 g3 34. Kf1 Qh1+ 35. Ke2 Qxg2+ 36.
Kd1 Qf3+ 37. Qxf3 Bxf3+ 38. Kd2 exf4 39. Rf1 d5 40. Be5 Re6 41. Bxf4 Re2+ 42. Kc3
d4+ 43. Kc4 Rxc2+ 44. Kb5 Be2  0-1

[Event "5. Bamberg Open A"]
[Site "Bamberg"]
[Date "2023.07.28"]
[Round "4"]
[Board "14"]
[White "Derichs, Roger"]
[Black "Stork, Christopher"]
[Result "1-0"]
[WhiteElo "2286"]
[BlackElo "2065"]
[PlyCount "97"]
[EventDate "2023.07.26"]
[EventRounds "7"]
[EventCountry "GER"]

1. d4 Nf6 2. c4 e6 3. g3 d5 4. Nf3 Bb4+ 5. Bd2 Be7 6. Bg2 O-O 7. O-O c6 8. Qc2 Nbd7
9. Bf4 b6 10. cxd5 cxd5 11. Bc7 Qe8 12. Nc3 a6 13. a4 Bb7 14. Qb3 Bd8 15. Bf4 Rc8
16. Rfc1 Bc7 17. Rc2 Bxf4 18. gxf4 Qe7 19. Rac1 h6 20. e3 Rfe8 21. Kh1 Qd6 22. Ne5
Qb8 23. Bf3 Nxe5 24. fxe5 Nd7 25. Rg1 Qa8 26. Rg2 Bc6 27. Rc1 Qb7 28. Rcg1 g6 29.
Ne2 Nf8 30. Nf4 Re7 31. Be2 b5 32. a5 Be8 33. Bd3 Rec7 34. Qd1 Kh7 35. h4 b4 36.
h5 b3 37. hxg6+ fxg6 38. Qh5 Rc1 39. Nxg6 Rxg1+ 40. Rxg1 Bxg6 41. Bxg6+ Kh8 42. Bd3
Nh7 43. Qxh6 Qf7 44. f4 Rc2 45. Rg6 Rc1+ 46. Kh2 Rc2+ 47. Rg2 Rc1 48. Qg6 Qxg6 49.
Bxg6  1-0

[Event "5. Bamberg Open A"]
[Site "Bamberg"]
[Date "2023.07.28"]
[Round "4"]
[Board "15"]
[White "Zwahr, Paul"]
[Black "Zimm, Justus"]
[Result "0-1"]
[WhiteElo "2280"]
[BlackElo "2065"]
[PlyCount "80"]
[EventDate "2023.07.26"]
[EventRounds "7"]
[EventCountry "GER"]

1. e4 c5 2. Nf3 e6 3. d4 cxd4 4. Nxd4 a6 5. c4 Nf6 6. Nc3 Qc7 7. a3 b6 8. Bd3 Bb7
9. Qe2 d6 10. O-O Nc6 11. Nxc6 Bxc6 12. Bd2 Be7 13. Rac1 Qb7 14. f4 Rd8 15. Rce1
h5 16. b4 Qd7 17. Be3 Qb7 18. Bd4 Kf8 19. Rf3 Qc7 20. Rg3 e5 21. Be3 Ng4 22. Rxg4
hxg4 23. Qxg4 exf4 24. Bd4 Bf6 25. Bxf6 gxf6 26. Qxf4 Qe7 27. h3 Qe5 28. Ne2 Re8
29. Rf1 Ke7 30. Qe3 Reg8 31. Nd4 Bd7 32. Rf3 Qg5 33. Nf5+ Bxf5 34. exf5+ Qxe3+ 35.
Rxe3+ Kd7 36. Be4 Re8 37. Kf2 Re5 38. g4 Rhe8 39. Kf3 b5 40. Re2 bxc4  0-1

[Event "5. Bamberg Open A"]
[Site "Bamberg"]
[Date "2023.07.29"]
[Round "5"]
[Board "1"]
[White "Mazur, Stefan"]
[Black "Koepke, Christian"]
[Result "1/2-1/2"]
[WhiteElo "2467"]
[BlackElo "2313"]
[PlyCount "137"]
[EventDate "2023.07.26"]
[EventRounds "7"]
[EventCountry "GER"]

1. e4 c6 2. d4 d5 3. exd5 cxd5 4. Bd3 Nf6 5. h3 g6 6. Nf3 Nc6 7. O-O Bf5 8. Be2 Qc7
9. c3 Bg7 10. Re1 O-O 11. Be3 Rad8 12. Qc1 Ne4 13. Bf4 Qc8 14. Nbd2 Kh8 15. Nf1 f6
16. Ne3 e5 17. Nxf5 gxf5 18. Bh2 Rg8 19. Qc2 f4 20. Nh4 Nxd4 21. Qd3 Nxe2+ 22. Rxe2
Bf8 23. Kf1 Bc5 24. Rd1 Bb6 25. f3 Ng5 26. Qf5 Qc6 27. Red2 Rg7 28. Qd3 Be3 29. Re2
Rgd7 30. Qf5 d4 31. Bg1 d3 32. Rxe3 fxe3 33. Bxe3 Qe6 34. Bxg5 Qxf5 35. Nxf5 fxg5
36. Ng3 Kg7 37. Ke1 Kg6 38. Kd2 Rd6 39. c4 Ra6 40. a3 Ra4 41. Rc1 Rd4 42. c5 Rac4
43. Rxc4 Rxc4 44. b4 Rc2+ 45. Kxd3 Rxg2 46. Ne4 Ra2 47. b5 Rxa3+ 48. Kc4 Kf5 49.
c6 bxc6 50. bxc6 Ke6 51. c7 Kd7 52. Nd6 Ra4+ 53. Kb3 Kxc7 54. Nb5+ Kd7 55. Kxa4 a6
56. Nc3 Ke6 57. Ka5 Kf5 58. Kxa6 Kf4 59. Kb5 Kxf3 60. Kc4 e4 61. Kd4 e3 62. Kd3 h5
63. Ne4 g4 64. hxg4 h4 65. Ng5+ Kxg4 66. Kxe3 Kxg5 67. Kf3 h3 68. Kg3 h2 69. Kxh2
 1/2-1/2

[Event "5. Bamberg Open A"]
[Site "Bamberg"]
[Date "2023.07.29"]
[Round "5"]
[Board "2"]
[White "Haack, Kevin"]
[Black "Moehn, Hans"]
[Result "0-1"]
[WhiteElo "2296"]
[BlackElo "2382"]
[PlyCount "104"]
[EventDate "2023.07.26"]
[EventRounds "7"]
[EventCountry "GER"]

1. d4 Nf6 2. c4 g6 3. g3 Bg7 4. Bg2 O-O 5. Nc3 d6 6. Nf3 Nc6 7. O-O e5 8. dxe5 Nxe5
9. Nxe5 dxe5 10. Qxd8 Rxd8 11. Bg5 Rd7 12. h3 c6 13. Na4 Ne8 14. Nc5 Rd6 15. Rad1
Bf8 16. Be3 f5 17. b4 Rxd1 18. Rxd1 Nd6 19. b5 Nxc4 20. Rd8 Nxe3 21. fxe3 e4 22.
Nd7 Bxd7 23. Rxa8 cxb5 24. Rxa7 Bc6 25. Ra8 Kf7 26. Kf2 Bc5 27. h4 h5 28. Rd8 b4
29. Bh3 Ke7 30. Rd1 Ke6 31. Rd2 Bd5 32. Rb2 Kd6 33. Ke1 Kc6 34. Kd2 Bd6 35. Kc2 b5
36. Kb1 Bc4 37. Rd2 Kc7 38. Rd1 Kd7 39. Kb2 Ke7 40. Kb1 Be5 41. Rf1 Ke6 42. Rf2 b3
43. axb3 Bxb3 44. Rf1 Bc4 45. Rg1 Kf6 46. Kc1 b4 47. g4 hxg4 48. Bxg4 fxg4 49. Rxg4
Bd5 50. Rg2 Ba2 51. Rf2+ Ke7 52. h5 b3  0-1

[Event "5. Bamberg Open A"]
[Site "Bamberg"]
[Date "2023.07.29"]
[Round "5"]
[Board "3"]
[White "Ronka, Erik"]
[Black "Bournel, Antoine"]
[Result "1/2-1/2"]
[WhiteElo "2294"]
[BlackElo "2358"]
[PlyCount "106"]
[EventDate "2023.07.26"]
[EventRounds "7"]
[EventCountry "GER"]

1. e4 c6 2. d4 d5 3. Nd2 dxe4 4. Nxe4 Bf5 5. Ng3 Bg6 6. h4 h6 7. Nf3 Nd7 8. h5 Bh7
9. Bd3 Bxd3 10. Qxd3 e6 11. Bd2 Ngf6 12. O-O-O Be7 13. Kb1 O-O 14. Ne4 c5 15. g4
Nxg4 16. Qe2 Qb6 17. Ne5 Ndxe5 18. dxe5 f5 19. exf6 Nxf6 20. Nc3 Rf7 21. Rhg1 Nd5
22. Ne4 Nf6 23. Bxh6 Nxe4 24. Qxe4 Bf6 25. Bc1 Rc8 26. Ka1 c4 27. c3 Rc5 28. h6 Ra5
29. hxg7 Rxg7 30. Rxg7+ Bxg7 31. Qxc4 Rc5 32. Qh4 Rd5 33. Rxd5 exd5 34. Be3 Qb5 35.
a3 a5 36. Qd8+ Kh7 37. Qh4+ Kg8 38. Qd8+ Kh7 39. Qb6 Qf1+ 40. Ka2 Qc4+ 41. Kb1 Qf1+
42. Kc2 Qe2+ 43. Bd2 Qe4+ 44. Kd1 d4 45. cxd4 Bxd4 46. Qxa5 Bxf2 47. Qh5+ Kg8 48.
Qg5+ Kf7 49. Qb5 Ba7 50. Qd7+ Kg6 51. Bc3 Be3 52. Qd6+ Kf7 53. Qd7+ Kg6  1/2-1/2

[Event "5. Bamberg Open A"]
[Site "Bamberg"]
[Date "2023.07.29"]
[Round "5"]
[Board "4"]
[White "Kolb, Tobias"]
[Black "Foerster, Jonas"]
[Result "0-1"]
[WhiteElo "2325"]
[BlackElo "2262"]
[PlyCount "120"]
[EventDate "2023.07.26"]
[EventRounds "7"]
[EventCountry "GER"]

1. d4 Nf6 2. c4 e6 3. Nc3 Bb4 4. e3 O-O 5. Bd3 d6 6. Nf3 Nc6 7. O-O Bxc3 8. bxc3
h6 9. e4 e5 10. h3 Re8 11. Re1 b6 12. c5 dxc5 13. Nxe5 Nxe5 14. dxe5 Rxe5 15. f4
Re7 16. e5 Bb7 17. Qe2 Qe8 18. Bb2 Rd8 19. Rad1 c4 20. Bxc4 Rxd1 21. Rxd1 Ne4 22.
Rd4 Nc5 23. Ba3 Ne6 24. Bxe7 Nxd4 25. cxd4 Qxe7 26. f5 Kf8 27. Kh2 f6 28. Be6 Bc6
29. Qa6 fxe5 30. dxe5 Qc5 31. Qe2 Qd4 32. Qe1 h5 33. h4 Bd5 34. Qg3 Bxe6 35. fxe6
Ke7 36. Qxg7+ Kxe6 37. Qf6+ Kd5 38. Qd8+ Kxe5 39. Qxc7+ Kf5 40. Qf7+ Ke4 41. Qf3+
Ke5 42. Qxh5+ Kd6 43. Qg6+ Ke7 44. Kh3 a5 45. h5 a4 46. h6 Qf6 47. Qh7+ Kf8 48. Kg4
b5 49. Qd7 Qxh6 50. Qxb5 Qg7+ 51. Qg5 Qb2 52. Qd5 a3 53. Kh5 Kg7 54. Kg5 Qf6+ 55.
Kg4 Qb2 56. Kf4 Kf6 57. Ke3 Qc3+ 58. Ke2 Qb2+ 59. Kd3 Qb1+ 60. Kc4 Qxa2+  0-1

[Event "5. Bamberg Open A"]
[Site "Bamberg"]
[Date "2023.07.29"]
[Round "5"]
[Board "5"]
[White "Boehme, Sebastian"]
[Black "Kowalczyk, Pawel"]
[Result "1-0"]
[WhiteElo "2215"]
[BlackElo "2332"]
[PlyCount "67"]
[EventDate "2023.07.26"]
[EventRounds "7"]
[EventCountry "GER"]

1. e4 c5 2. Nf3 e6 3. c3 Nf6 4. e5 Nd5 5. d4 cxd4 6. cxd4 Nc6 7. Bc4 d6 8. O-O Be7
9. Qe2 O-O 10. Nc3 dxe5 11. dxe5 Nxc3 12. bxc3 b6 13. Bd3 Qc7 14. Qe4 g6 15. Bh6
Rd8 16. Bc2 Bb7 17. Qf4 Nb4 18. Bxg6 hxg6 19. cxb4 Bxf3 20. Rac1 Qb7 21. gxf3 Rd3
22. Kg2 Rad8 23. Rfe1 R8d4 24. Re4 Rxe4 25. Qxe4 Qxe4 26. fxe4 Rd7 27. b5 Kh7 28.
Be3 g5 29. Kf3 Kg6 30. Kg4 Ba3 31. Rc8 Rd1 32. Rg8+ Kh7 33. Ra8 Rg1+ 34. Kh5  1-0

[Event "5. Bamberg Open A"]
[Site "Bamberg"]
[Date "2023.07.29"]
[Round "5"]
[Board "6"]
[White "Chassard, Cedric"]
[Black "Honisch, Alexander"]
[Result "1/2-1/2"]
[WhiteElo "2326"]
[BlackElo "2040"]
[PlyCount "77"]
[EventDate "2023.07.26"]
[EventRounds "7"]
[EventCountry "GER"]

1. e4 e5 2. Nf3 Nc6 3. Bb5 a6 4. Ba4 Nf6 5. O-O b5 6. Bb3 Bc5 7. c3 d6 8. a4 Rb8
9. axb5 axb5 10. d4 Bb6 11. Na3 O-O 12. Nxb5 Bg4 13. Bc2 Bxf3 14. gxf3 Nh5 15. f4
Nxf4 16. Bxf4 exf4 17. Qg4 Ne7 18. Qxf4 Ng6 19. Qg3 c5 20. Kh1 cxd4 21. cxd4 Qf6
22. Rad1 Nf4 23. b4 Rfc8 24. Bd3 Ra8 25. Rg1 g6 26. Qf3 Ra2 27. Bb1 Rb2 28. Rg4 Nh5
29. Qxf6 Nxf6 30. Rf4 Nh5 31. Rxf7 Bxd4 32. Nxd6 Rd8 33. Nb7 Rb8 34. Rd7 Bxf2 35.
b5 Bg3 36. R7d2 Rxd2 37. Rxd2 Rxb7 38. hxg3 Rxb5 39. Ba2+  1/2-1/2

[Event "5. Bamberg Open A"]
[Site "Bamberg"]
[Date "2023.07.29"]
[Round "5"]
[Board "7"]
[White "Tschernatsch, Johannes"]
[Black "Roehr, Oliver"]
[Result "1/2-1/2"]
[WhiteElo "2303"]
[BlackElo "2139"]
[PlyCount "100"]
[EventDate "2023.07.26"]
[EventRounds "7"]
[EventCountry "GER"]

1. e4 e6 2. d4 d5 3. Nd2 c5 4. Ngf3 cxd4 5. Nxd4 Nc6 6. Bb5 Bd7 7. Nxc6 Bxc6 8. Bxc6+
bxc6 9. c4 Nf6 10. Qa4 Qb6 11. exd5 exd5 12. O-O Be7 13. Re1 Rd8 14. Nf3 dxc4 15.
Be3 Qb5 16. Qxa7 Rd7 17. Nd4 Rxa7 18. Nxb5 Rb7 19. Nd4 Kd7 20. Nf5 Nd5 21. Bd4 Bf6
22. Bxf6 gxf6 23. Rad1 Kc7 24. Ne7 Rxb2 25. Nxd5+ cxd5 26. Rxd5 Kc6 27. Rf5 Re8 28.
Rc1 Rc2 29. Rxf6+ Kd5 30. Rf5+ Kd4 31. Rd1+ Kc3 32. Rxf7 Rd2 33. Rf1 h5 34. f4 Kb2
35. f5 c3 36. f6 c2 37. Rc7 Rd1 38. Rb7+ Ka1 39. Rc7 Ree1 40. Rxe1 Rxe1+ 41. Kf2
c1=Q 42. Rxc1+ Rxc1 43. Kg3 Rf1 44. Kh4 Rxf6 45. Kxh5 Rf2 46. g4 Rxh2+ 47. Kg6 Kxa2
48. g5 Kb3 49. Kf7 Kc4 50. g6 Rg2  1/2-1/2

[Event "5. Bamberg Open A"]
[Site "Bamberg"]
[Date "2023.07.29"]
[Round "5"]
[Board "8"]
[White "Zimm, Justus"]
[Black "Derichs, Roger"]
[Result "1/2-1/2"]
[WhiteElo "2065"]
[BlackElo "2286"]
[PlyCount "112"]
[EventDate "2023.07.26"]
[EventRounds "7"]
[EventCountry "GER"]

1. e4 e6 2. d4 d5 3. Nc3 Bb4 4. e5 c5 5. a3 Bxc3+ 6. bxc3 Nc6 7. Qg4 g6 8. h4 h6
9. h5 g5 10. f4 f5 11. Qg3 g4 12. dxc5 Nge7 13. Rb1 O-O 14. Bd3 Qa5 15. Ne2 Rb8 16.
Kf2 Qxc5+ 17. Be3 Qa5 18. Rb5 Qd8 19. Bc5 b6 20. Bd6 Ra8 21. c4 Rf7 22. cxd5 Nxd5
23. Rd1 Nde7 24. Bc4 Na5 25. Ba2 Qe8 26. Nd4 Nec6 27. Nxc6 Qxc6 28. Qd3 Bd7 29. Rb4
Rc8 30. Rd2 b5 31. Rxb5 Qxb5 32. Qxb5 Bxb5 33. Bxe6 Nc4 34. Rd5 Nxd6 35. exd6 Rxc2+
36. Kg3 Bd7 37. Bxf7+ Kxf7 38. Re5 Be6 39. Ra5 Rd2 40. Rxa7+ Kf6 41. Rh7 Rxd6 42.
Rxh6+ Kg7 43. Rg6+ Kf7 44. Kh4 Rd2 45. g3 Rd3 46. a4 Ra3 47. a5 Rxa5 48. Kg5 Ra3
49. h6 Ra8 50. Rg7+ Kf8 51. Kf6 Bc8 52. Kg6 Ra6+ 53. Kh7 Be6 54. Kh8 Bf7 55. h7 Rg6
56. Rxg6 Bxg6  1/2-1/2

[Event "5. Bamberg Open A"]
[Site "Bamberg"]
[Date "2023.07.29"]
[Round "5"]
[Board "9"]
[White "Boder, Jan"]
[Black "Lauterbach, Kolja"]
[Result "1-0"]
[WhiteElo "2264"]
[BlackElo "1698"]
[PlyCount "55"]
[EventDate "2023.07.26"]
[EventRounds "7"]
[EventCountry "GER"]

1. c4 f5 2. g3 Nf6 3. Bg2 g6 4. Nc3 Bg7 5. b4 O-O 6. Nf3 d6 7. Bb2 e5 8. d3 c6 9.
O-O f4 10. c5 Nd5 11. cxd6 Qxd6 12. Ne4 Qe7 13. b5 Nc7 14. a4 c5 15. a5 Bf5 16. b6
axb6 17. axb6 Nca6 18. Nxc5 Qxc5 19. Qb3+ Kh8 20. Ba3 Qc8 21. Ng5 Nc6 22. Bxf8 Bxf8
23. Rfc1 Nab4 24. Qf7 Bg7 25. Rxa8 Qxa8 26. Bxc6 Nxc6 27. Rxc6 bxc6 28. Qa7  1-0

[Event "5. Bamberg Open A"]
[Site "Bamberg"]
[Date "2023.07.29"]
[Round "5"]
[Board "10"]
[White "Albert, Markus"]
[Black "Martin Fernandez, Rodrigo"]
[Result "1/2-1/2"]
[WhiteElo "2256"]
[BlackElo "2096"]
[PlyCount "81"]
[EventDate "2023.07.26"]
[EventRounds "7"]
[EventCountry "GER"]

1. e4 c5 2. Nf3 d6 3. d4 cxd4 4. Nxd4 Nf6 5. Nc3 a6 6. Bd3 e5 7. Nde2 Be7 8. O-O
O-O 9. Ng3 Be6 10. Nd5 Bxd5 11. exd5 g6 12. c4 Nbd7 13. Be3 Ne8 14. Rc1 f5 15. Bd2
Bg5 16. b4 Rc8 17. f3 Bxd2 18. Qxd2 Qh4 19. a3 Nef6 20. Bxf5 gxf5 21. Nxf5 Qf4 22.
Qxf4 exf4 23. Nxd6 Rc7 24. Rfd1 Nb6 25. Rd4 Nbxd5 26. Re1 Ne7 27. Rxf4 Ng6 28. Rd4
Nh5 29. c5 Ng7 30. Rde4 Rd7 31. Kf2 Nf5 32. Nxf5 Rxf5 33. g3 Rd2+ 34. R1e2 Rfd5 35.
f4 Kf7 36. Rc4 Ne7 37. a4 Nc6 38. b5 axb5 39. axb5 Rxe2+ 40. Kxe2 Nd4+ 41. Kf2  1/2-1/2

[Event "5. Bamberg Open A"]
[Site "Bamberg"]
[Date "2023.07.29"]
[Round "5"]
[Board "11"]
[White "Mohylnyi, Stepan"]
[Black "Monninger, Moritz"]
[Result "1-0"]
[WhiteElo "2013"]
[BlackElo "2170"]
[PlyCount "59"]
[EventDate "2023.07.26"]
[EventRounds "7"]
[EventCountry "GER"]

1. e4 e6 2. d4 d5 3. Nc3 Nc6 4. Nf3 Nf6 5. e5 Ne4 6. Bd3 Bb4 7. Bd2 Nxd2 8. Qxd2
f6 9. Qf4 Qe7 10. O-O O-O 11. Qh4 g6 12. exf6 Qxf6 13. Qxf6 Rxf6 14. a3 Bd6 15. Rfe1
Rxf3 16. gxf3 Nxd4 17. Kg2 Bd7 18. Ne2 Nc6 19. Bb5 Rf8 20. Rad1 Rf5 21. c4 Rg5+ 22.
Ng3 Bxg3 23. hxg3 Kf7 24. g4 h5 25. Kg3 a6 26. Ba4 b5 27. cxd5 exd5 28. Bb3 Ne7 29.
Kf4 Kf6 30. Rxe7  1-0

[Event "5. Bamberg Open A"]
[Site "Bamberg"]
[Date "2023.07.29"]
[Round "5"]
[Board "12"]
[White "Burdalev, Kirill"]
[Black "Heppert, Lars"]
[Result "1-0"]
[WhiteElo "2363"]
[BlackElo "1887"]
[PlyCount "67"]
[EventDate "2023.07.26"]
[EventRounds "7"]
[EventCountry "GER"]

1. Nf3 Nf6 2. c4 g6 3. Nc3 Bg7 4. d4 O-O 5. e4 d6 6. Be2 h6 7. O-O e5 8. dxe5 dxe5
9. Nxe5 Qe7 10. f4 c6 11. Bf3 Be6 12. Be3 Nbd7 13. Nxd7 Nxd7 14. Bd4 Bxd4+ 15. Qxd4
Rfd8 16. Rfd1 Nb6 17. Qf2 Bxc4 18. e5 Nd5 19. Bxd5 Bxd5 20. Rd4 Be6 21. Rad1 b6 22.
Rd6 Rxd6 23. exd6 Qf6 24. Ne4 Qf5 25. Qd4 g5 26. fxg5 hxg5 27. Rf1 Qg6 28. Nf6+ Kf8
29. h4 gxh4 30. Qxh4 Kg7 31. d7 Qd3 32. Qg5+ Kf8 33. Qg8+ Ke7 34. Qe8+  1-0

[Event "5. Bamberg Open A"]
[Site "Bamberg"]
[Date "2023.07.29"]
[Round "5"]
[Board "13"]
[White "Berghof, Axel"]
[Black "Stork, Oliver"]
[Result "0-1"]
[WhiteElo "2112"]
[BlackElo "2327"]
[PlyCount "62"]
[EventDate "2023.07.26"]
[EventRounds "7"]
[EventCountry "GER"]

1. Nf3 Nf6 2. b3 g6 3. Bb2 Bg7 4. e3 O-O 5. c4 b6 6. d3 Bb7 7. Qc2 c5 8. Be2 Nc6
9. O-O d5 10. a3 d4 11. exd4 cxd4 12. b4 Nh5 13. g3 e5 14. Ne1 f5 15. b5 Nb8 16.
Nd2 Nd7 17. Bf3 Bxf3 18. Nexf3 Nc5 19. Nb3 Na4 20. Rad1 Qd7 21. Ba1 Nc5 22. a4 Rae8
23. a5 f4 24. Nxc5 bxc5 25. Qe2 e4 26. dxe4 Qg4 27. Rd3 fxg3 28. Nxd4 gxf2+ 29. Kh1
Qxe2 30. Nxe2 Bxa1 31. Kg2 Rxe4  0-1

[Event "5. Bamberg Open A"]
[Site "Bamberg"]
[Date "2023.07.29"]
[Round "5"]
[Board "14"]
[White "Heidrich, Manfred"]
[Black "Metzdorf, Matteo"]
[Result "1/2-1/2"]
[WhiteElo "2332"]
[BlackElo "1985"]
[PlyCount "40"]
[EventDate "2023.07.26"]
[EventRounds "7"]
[EventCountry "GER"]

1. e4 c5 2. c3 e6 3. d4 d5 4. exd5 exd5 5. Nf3 Nc6 6. Be3 c4 7. b3 cxb3 8. axb3 Bd6
9. Bd3 Nge7 10. O-O O-O 11. Re1 Bf5 12. Na3 Rc8 13. Nc2 Qd7 14. Bc1 Bxd3 15. Qxd3
Nf5 16. Ba3 Bxa3 17. Rxa3 f6 18. c4 dxc4 19. bxc4 b6 20. Rd1 Rfd8  1/2-1/2

[Event "5. Bamberg Open A"]
[Site "Bamberg"]
[Date "2023.07.29"]
[Round "5"]
[Board "15"]
[White "Johansson, Jukka"]
[Black "Muschik, Benedikt"]
[Result "1/2-1/2"]
[WhiteElo "2076"]
[BlackElo "2284"]
[PlyCount "44"]
[EventDate "2023.07.26"]
[EventRounds "7"]
[EventCountry "GER"]

1. d4 g6 2. c4 Bg7 3. e4 d6 4. Nc3 e5 5. Be3 exd4 6. Bxd4 Nf6 7. Nf3 O-O 8. Be2 Nc6
9. Be3 Re8 10. Nd2 Ne5 11. h3 c6 12. O-O a6 13. a4 a5 14. Qc2 b6 15. Rad1 Qc7 16.
Rfe1 Bb7 17. f4 Ned7 18. Nb3 Rad8 19. Bf3 Ba6 20. Be2 Bb7 21. Bf3 Ba6 22. Be2 Bb7
 1/2-1/2

[Event "5. Bamberg Open A"]
[Site "Bamberg"]
[Date "2023.07.29"]
[Round "6"]
[Board "1"]
[White "Moehn, Hans"]
[Black "Boehme, Sebastian"]
[Result "1-0"]
[WhiteElo "2382"]
[BlackElo "2215"]
[PlyCount "99"]
[EventDate "2023.07.26"]
[EventRounds "7"]
[EventCountry "GER"]

1. Nf3 e6 2. g3 d5 3. Bg2 Nf6 4. O-O c5 5. c4 d4 6. e3 Nc6 7. exd4 cxd4 8. d3 Bc5
9. Bg5 O-O 10. Nbd2 h6 11. Bxf6 gxf6 12. Re1 f5 13. Ne5 Nxe5 14. Rxe5 Qd6 15. Re1
Bd7 16. Qh5 Kh7 17. Nf3 Qe7 18. Re2 Bc6 19. Ne5 Bxg2 20. Kxg2 Bd6 21. Nf3 Qf6 22.
Qh4 Qxh4 23. Nxh4 Rad8 24. f4 Kg7 25. Nf3 Kf6 26. Rc1 Rb8 27. Kf2 Bc5 28. Re5 Bd6
29. Ra5 a6 30. c5 Rbc8 31. Rc4 Bc7 32. Ra3 e5 33. fxe5+ Bxe5 34. Rb3 f4 35. gxf4
Bxf4 36. Rxd4 Bb8 37. Rb6+ Rc6 38. Rxc6+ bxc6 39. Ra4 Ke6 40. Rxa6 Kd5 41. b4 h5
42. Rb6 h4 43. Nxh4 Bxh2 44. Nf5 Ra8 45. Ne7+ Kd4 46. Nxc6+ Kxd3 47. Na5 Kd4 48.
Rb7 Bb8 49. Rxb8 Rxb8 50. Nc6+  1-0

[Event "5. Bamberg Open A"]
[Site "Bamberg"]
[Date "2023.07.29"]
[Round "6"]
[Board "2"]
[White "Foerster, Jonas"]
[Black "Ronka, Erik"]
[Result "1/2-1/2"]
[WhiteElo "2262"]
[BlackElo "2294"]
[PlyCount "80"]
[EventDate "2023.07.26"]
[EventRounds "7"]
[EventCountry "GER"]

1. d4 d5 2. Nf3 Nf6 3. g3 Bg4 4. Bg2 Nbd7 5. O-O e6 6. Nbd2 Be7 7. c4 c6 8. b3 O-O
9. Bb2 h6 10. Re1 Bf5 11. h3 Ne4 12. Nxe4 Bxe4 13. Nd2 Bxg2 14. Kxg2 f5 15. e3 Bb4
16. Rf1 Bxd2 17. Qxd2 Nf6 18. h4 Rf7 19. Qe2 g6 20. Rh1 Qd7 21. Qf3 Kh7 22. Qf4 Qe7
23. a3 a5 24. c5 Ne4 25. Bc1 Qf8 26. Qe5 Re8 27. f3 Nf6 28. Bd2 Nd7 29. Qd6 Qxd6
30. cxd6 Ra8 31. Rhc1 Rff8 32. Rab1 Rfc8 33. Rc2 b5 34. Rbc1 Ra6 35. Kf2 Nb8 36.
Rc5 Rd8 37. e4 Kg7 38. Bf4 Rd7 39. Ke3 h5 40. exd5 exd5  1/2-1/2

[Event "5. Bamberg Open A"]
[Site "Bamberg"]
[Date "2023.07.29"]
[Round "6"]
[Board "3"]
[White "Bournel, Antoine"]
[Black "Mazur, Stefan"]
[Result "1/2-1/2"]
[WhiteElo "2358"]
[BlackElo "2467"]
[PlyCount "27"]
[EventDate "2023.07.26"]
[EventRounds "7"]
[EventCountry "GER"]

1. d4 g6 2. c4 Bg7 3. e4 d6 4. Nc3 e5 5. Nf3 Nc6 6. dxe5 Nxe5 7. Nxe5 dxe5 8. Qxd8+
Kxd8 9. Bg5+ f6 10. O-O-O+ Bd7 11. Be3 Bh6 12. Be2 Bxe3+ 13. fxe3 c6 14. Bg4  1/2-1/2

[Event "5. Bamberg Open A"]
[Site "Bamberg"]
[Date "2023.07.29"]
[Round "6"]
[Board "4"]
[White "Koepke, Christian"]
[Black "Boder, Jan"]
[Result "1/2-1/2"]
[WhiteElo "2313"]
[BlackElo "2264"]
[PlyCount "81"]
[EventDate "2023.07.26"]
[EventRounds "7"]
[EventCountry "GER"]

1. d4 Nf6 2. Nc3 d5 3. Bf4 e6 4. Nb5 Bb4+ 5. c3 Ba5 6. a4 a6 7. b4 Bd7 8. e3 Nc6
9. bxa5 axb5 10. axb5 Nxa5 11. Bg5 h6 12. Bxf6 gxf6 13. Bd3 Nc4 14. Bxc4 dxc4 15.
Ne2 Bxb5 16. e4 Rxa1 17. Qxa1 Bc6 18. f3 Rg8 19. O-O f5 20. exf5 Qg5 21. Ng3 exf5
22. Rf2 Kf8 23. Qa3+ Kg7 24. f4 Qg6 25. Qc5 Qe6 26. Nxf5+ Kh7 27. Qe5 Be4 28. Ng3
Bd3 29. Nh5 Qxe5 30. fxe5 Ra8 31. g4 Kg8 32. d5 b5 33. e6 fxe6 34. dxe6 Ra1+ 35.
Kg2 Re1 36. Nf4 c5 37. Rd2 b4 38. cxb4 cxb4 39. Nxd3 cxd3 40. Rxd3 Rxe6 41. Rd8+
 1/2-1/2